[Event "LTU-ch sf"]
[Site "Vilnius"]
[Date "2015.02.24"]
[Round "8"]
[White "Valantiejus, Vaidotas"]
[Black "Silauskas, Kestutis"]
[Result "1-0"]
[WhiteElo "2066"]
[BlackElo "1749"]
[PlyCount "79"]
[EventDate "2015.02.18"]
[EventType "swiss"]
[EventRounds "8"]
[EventCountry "LTU"]
[SourceTitle "CBM 165 Extra"]
[Source "ChessBase"]
[SourceDate "2015.04.21"]
[SourceVersion "1"]
[SourceVersionDate "2015.04.21"]
[SourceQuality "1"]

1. e4 c6 2. d4 d5 3. Nd2 dxe4 4. Nxe4 Bf5 5. Ng3 Bg6 6. h4 h6 7. Nf3 Nd7 8. h5 Bh7 9. Bd3 Bxd3 10. Qxd3 e6 11. Bd2 Qc7 12. 0-0-0 Ngf6 13. Ne4 0-0-0 14. g3 Nxe4 15. Qxe4 Nf6 16. Qe2 Bd6 17. c4 c5 18. Bc3 Rhe8 19. Kb1 Re7 20. dxc5 Qxc5 21. Ne5 Bxe5 22. Rxd8+ Kxd8 23. Qxe5 Qxe5 24. Bxe5 Rd7 25. Bxf6+ gxf6 26. Kc2 Rc7 27. Kc3 Rc5 28. f4 b5 29. b3 bxc4 30. bxc4 Ra5 31. Kb3 Kc7 32. g4 Ra6 33. a4 Rb6+ 34. Kc3 Ra6 35. g5 fxg5 36. fxg5 e5 37. Rf1 hxg5 38. Rxf7+ Kb8 39. Rg7 Rxa4 40. h6 1-0

[Event "LTU-ch sf"]
[Site "Vilnius"]
[Date "2015.02.21"]
[Round "4"]
[White "Silauskas, Kestutis"]
[Black "Jalinskas, Arvydas"]
[Result "1-0"]
[WhiteElo "1749"]
[BlackElo "1427"]
[PlyCount "55"]
[EventDate "2015.02.18"]
[EventType "swiss"]
[EventRounds "8"]
[EventCountry "LTU"]
[SourceTitle "CBM 165 Extra"]
[Source "ChessBase"]
[SourceDate "2015.04.21"]
[SourceVersion "1"]
[SourceVersionDate "2015.04.21"]
[SourceQuality "1"]

1. d4 Nf6 2. c4 e5 3. dxe5 Ng4 4. Bf4 Nc6 5. Nf3 Bb4+ 6. Nc3 Qe7 7. Qd5 f6 8. exf6 Nxf6 9. Qd3 Ne4 10. Bd2 Nxd2 11. Qxd2 d6 12. e3 Bf5 13. Bd3 Bg4 14. Be2 0-0 15. 0-0 Kh8 16. Rac1 Rf6 17. Ne1 Bd7 18. Nd3 g5 19. Nxb4 Nxb4 20. a3 Nc6 21. Nd5 Qf7 22. Nxf6 Qxf6 23. Qc3 Ne5 24. f4 gxf4 25. exf4 Bc6 26. fxe5 Rg8 27. Bf3 dxe5 28. Bxc6 1-0

[Event "Klaipeda Sea op 08th"]
[Site "Klaipeda"]
[Date "2011.07.27"]
[Round "4"]
[White "Silauskas, Kestutis"]
[Black "Petraitis, Gintautas"]
[Result "1/2-1/2"]
[WhiteElo "1655"]
[BlackElo "1981"]
[PlyCount "31"]
[EventDate "2011.07.25"]
[EventType "swiss"]
[EventRounds "9"]
[EventCountry "LTU"]
[SourceTitle "EXT 2012"]
[Source "ChessBase"]
[SourceDate "2011.11.24"]
[SourceVersion "1"]
[SourceVersionDate "2011.11.24"]
[SourceQuality "1"]

1. Nf3 Nf6 2. d4 e6 3. c4 b6 4. a3 c5 5. Nc3 Bb7 6. e3 d6 7. Bd3 Nbd7 8. 0-0 Be7 9. b3 0-0 10. Bb2 a6 11. Qe2 Qc7 12. Rfd1 e5 13. d5 g6 14. Nd2 Nh5 15. g4 Ng7 16. f3 1/2-1/2

[Event "Plunge op 31st"]
[Site "Plunge"]
[Date "2011.07.23"]
[Round "7"]
[White "Savickiene, Viktorija"]
[Black "Silauskas, Kestutis"]
[Result "1-0"]
[WhiteElo "2001"]
[BlackElo "1655"]
[PlyCount "69"]
[EventDate "2011.07.19"]
[EventType "swiss"]
[EventRounds "9"]
[EventCountry "LTU"]
[SourceTitle "EXT 2012"]
[Source "ChessBase"]
[SourceDate "2011.11.24"]
[SourceVersion "1"]
[SourceVersionDate "2011.11.24"]
[SourceQuality "1"]

1. d4 d5 2. c4 e6 3. Nc3 c6 4. e3 Nf6 5. Nf3 Nbd7 6. Qc2 Bd6 7. b3 b6 8. Be2 0-0 9. 0-0 Bb7 10. Bb2 Qe7 11. Rfd1 Rac8 12. Rac1 e5 13. cxd5 Nxd5 14. dxe5 Nxe5 15. Nxd5 cxd5 16. Qf5 Ng6 17. Rxc8 Rxc8 18. Rxd5 Qc7 19. Rd1 Bxf3 20. Bxf3 Nh4 21. Qg4 Nxf3+ 22. gxf3 Bf8 23. Rc1 Qxc1+ 24. Bxc1 Rxc1+ 25. Kg2 Rc2 26. a4 g6 27. Kg3 Rc3 28. b4 Rb3 29. Qd7 Rxb4 30. Qxa7 Bc5 31. Qb8+ Bf8 32. Qe8 h5 33. f4 Rb1 34. f5 g5 35. Qd8 1-0

[Event "Plunge op 31st"]
[Site "Plunge"]
[Date "2011.07.22"]
[Round "6"]
[White "Silauskas, Kestutis"]
[Black "Sabaliauskas, Laimonas"]
[Result "1/2-1/2"]
[WhiteElo "1655"]
[BlackElo "1937"]
[PlyCount "57"]
[EventDate "2011.07.19"]
[EventType "swiss"]
[EventRounds "9"]
[EventCountry "LTU"]
[SourceTitle "EXT 2012"]
[Source "ChessBase"]
[SourceDate "2011.11.24"]
[SourceVersion "1"]
[SourceVersionDate "2011.11.24"]
[SourceQuality "1"]

1. d4 Nf6 2. c4 e6 3. Nf3 d5 4. Nc3 c6 5. e3 Bd6 6. Bd3 0-0 7. 0-0 Nbd7 8. Qc2 Qe7 9. b3 e5 10. dxe5 Nxe5 11. Nxe5 Qxe5 12. f4 Qe7 13. h3 Re8 14. g4 Bc5 15. Rf3 d4 16. exd4 Qe1+ 17. Kg2 Bxd4 18. Bb2 Qh4 19. Ne2 Bxb2 20. Qxb2 h5 21. g5 Ne4 22. Nc3 Bxh3+ 23. Rxh3 Qg4+ 24. Kh2 Qxf4+ 25. Kg2 Qg4+ 26. Kh2 Nxg5 27. Rg3 Nf3+ 28. Kg2 Nh4+ 29. Kh2 1/2-1/2

[Event "Liberec op 10th"]
[Site "Liberec"]
[Date "2009.10.30"]
[Round "8"]
[White "Silauskas, Kestutis"]
[Black "Vetter, Udo"]
[Result "0-1"]
[WhiteElo "1604"]
[BlackElo "1743"]
[PlyCount "120"]
[EventDate "2009.10.24"]
[EventType "swiss"]
[EventRounds "9"]
[EventCountry "CZE"]
[SourceTitle "EXT 2010"]
[Source "ChessBase"]
[SourceDate "2010.11.25"]
[SourceVersion "1"]
[SourceVersionDate "2010.11.25"]
[SourceQuality "1"]

1. d4 Nf6 2. c4 g6 3. Nc3 Bg7 4. e4 d6 5. Nf3 Nbd7 6. Be2 a6 7. a4 b6 8. 0-0 Bb7 9. d5 c5 10. Be3 0-0 11. Rb1 a5 12. Ne1 Ne8 13. Nd3 e5 14. f4 Ba6 15. Qb3 Rb8 16. fxe5 Nxe5 17. Nxe5 Bxe5 18. Bg4 Qh4 19. Bh3 Bc8 20. Rf3 Bg4 21. Bf2 Qh5 22. Bxg4 Qxg4 23. Qc2 Nf6 24. Re1 Nh5 25. Ne2 Kg7 26. Bg3 Bxg3 27. Nxg3 Nf4 28. Ref1 g5 29. Nf5+ Kh8 30. Nxd6 Qd7 31. Nb5 Rbe8 32. Re3 Ng6 33. Qc3+ Kg8 34. e5 Re7 35. d6 Ree8 36. Rfe1 Nf4 37. Qd2 Ne6 38. Rg3 h6 39. Re4 f5 40. Re1 f4 41. Rd3 Rf5 42. Qe2 Kh7 43. Qf3 Kg6 44. h4 Nd4 45. Nxd4 cxd4 46. Rxd4 Rfxe5 47. Rxe5 Rxe5 48. h5+ Kf6 49. Qd3 Rf5 50. Qh3 Kg7 51. Rd5 Rf7 52. Qd3 Rf6 53. Kf2 Re6 54. Qd4+ Kh7 55. Qd3+ Kg7 56. Qd4+ Kh7 57. Qxb6 Qe8 58. Qc7+ Kh8 59. d7 Re2+ 60. Kg1 Qe3+ 0-1